00626cam a2200169 a 450000100100000000500170001000800410002704000250006808200210009310000420011424501030015626000690025930000210032849000230034950400330037265100510040500001401820200929163434.0780601s1974 sp 000 0 spa  aDO-SdBNPbspacBNPHU a320.97295bG216a1 aGarcía-Passalacqua, Juan M.,d1937-13aLa alternativa liberal :buna visión histórica de Puerto Rico /cJuan M. García-Passalacqua. aBarcelona :bUniversitaria ;bUniversidad de Puerto Rico,c1974. a169 p. ;c18 cm.1 aUprexv27aEnsayos aBibliografía: (p 161-169). 4aPuerto RicoxPolítica Y Gobiernoy1952-1998.